| 000 | 00742nam a22002415i 4500 | ||
|---|---|---|---|
| 001 | 12241 | ||
| 003 | ES-MaACL | ||
| 005 | 20250818232003.0 | ||
| 007 | t| | ||
| 008 | 941104s1992 sp ||||0| spa j | ||
| 020 | _a84-8004-027-0 | ||
| 040 |
_aM-BN _bspa _cM-BN |
||
| 080 | _a7(460.354) | ||
| 245 | 0 | 4 |
_aLos lugares colombinos y su entorno / _cdirector, Diego Ropero-Regidor. |
| 260 |
_aMadrid : _bFundación Ramón Areces, _c1992. |
||
| 300 |
_a301 p : _bil. col. y n ; _c31 cm. |
||
| 504 | _aBibliografía: p. 289-296. | ||
| 650 | 1 | 4 |
_aArte- _zHuelva (Provincia) _910110 |
| 700 | 1 |
_aRopero-Regidor, Diego. _999541 |
|
| 710 | 2 |
_aFundación Ramón Areces _94401 |
|
| 852 |
_aES-MaACL _jL-19618 _bR.123932 |
||
| 999 |
_c12241 _d12241 |
||